Name Every ABA Code 1 Bird - Statistics

General Stats
  • This quiz has been taken 8 times
  • The average score is 269 of 489
Answer Stats
Common Name Scientific Name % Correct
American Black Duck Anas rubripes
100%
American Coot Fulica americana
100%
American Redstart Setophaga ruticilla
100%
American Wigeon Mareca americana
100%
Baltimore Oriole Icterus galbula
100%
Black-bellied Whistling-Duck Dendrocygna autumnalis
100%
Blackpoll Warbler Setophaga striata
100%
Black Scoter Melanitta americana
100%
Blue-winged Teal Spatula discors
100%
Brant Branta bernicla
100%
Brown-headed Cowbird Molothrus ater
100%
Cackling Goose Branta hutchinsii
100%
Canada Goose Branta canadensis
100%
Canvasback Aythya valisineria
100%
Cape May Warbler Setophaga tigrina
100%
Common Grackle Quiscalus quiscula
100%
Dark-eyed Junco Junco hyemalis
100%
Gadwall Mareca strepera
100%
Greater Scaup Aythya marila
100%
Green-winged Teal Anas crecca
100%
Hooded Warbler Setophaga citrina
100%
Lesser Scaup Aythya affinis
100%
Magnolia Warbler Setophaga magnolia
100%
Mallard Anas platyrhynchos
100%
Mute Swan Cygnus olor
100%
Northern Cardinal Cardinalis cardinalis
100%
Northern Shoveler Spatula clypeata
100%
Pine Warbler Setophaga pinus
100%
Redhead Aythya americana
100%
Red-tailed Hawk Buteo jamaicensis
100%
Red-winged Blackbird Agelaius phoeniceus
100%
Ring-necked Duck Aythya collaris
100%
Rose-breasted Grosbeak Pheucticus ludovicianus
100%
Ross's Goose Anser rossii
100%
Snow Goose Anser caerulescens
100%
Song Sparrow Melospiza melodia
100%
Surf Scoter Melanitta perspicillata
100%
Townsend's Warbler Setophaga townsendi
100%
Tundra Swan Cygnus columbianus
100%
White-crowned Sparrow Zonotrichia leucophrys
100%
White-throated Sparrow Zonotrichia albicollis
100%
Wood Duck Aix sponsa
100%
Yellow-breasted Chat Icteria virens
100%
Acadian Flycatcher Empidonax virescens
75%
American Avocet Recurvirostra americana
75%
American Bittern Botaurus lentiginosus
75%
American Crow Corvus brachyrhynchos
75%
American Goldfinch Spinus tristis
75%
American Kestrel Falco sparverius
75%
American Robin Turdus migratorius
75%
American Woodcock Scolopax minor
75%
Anhinga Anhinga anhinga
75%
Ash-throated Flycatcher Myiarchus cinerascens
75%
Bald Eagle Haliaeetus leucocephalus
75%
Bank Swallow Riparia riparia
75%
Barn Owl Tyto alba
75%
Barn Swallow Hirundo rustica
75%
Barred Owl Strix varia
75%
Bay-breasted Warbler Setophaga castanea
75%
Black-and-white Warbler Mniotilta varia
75%
Black-bellied Plover Pluvialis squatarola
75%
Black-billed Cuckoo Coccyzus erythropthalmus
75%
Black-capped Chickadee Poecile atricapillus
75%
Black-crowned Night Heron (Night-Heron) Nycticorax nycticorax
75%
Black-headed Grosbeak Pheucticus melanocephalus
75%
Black-necked Stilt Himantopus mexicanus
75%
Black Tern Chlidonias niger
75%
Black-throated Blue Warbler Setophaga caerulescens
75%
Black-throated Gray Warbler Setophaga nigrescens
75%
Black-throated Green Warbler Setophaga virens
75%
Black Vulture Coragyps atratus
75%
Blue Grosbeak Passerina caerulea
75%
Blue-headed Vireo Vireo solitarius
75%
Blue Jay Cyanocitta cristata
75%
Bobolink Dolichonyx oryzivorus
75%
Bonaparte's Gull Chroicocephalus philadelphia
75%
Broad-winged Hawk Buteo platypterus
75%
Brown Creeper Certhia americana
75%
Brown Pelican Pelecanus occidentalis
75%
Brown Thrasher Toxostoma rufum
75%
Bufflehead Bucephala albeola
75%
Bullock's Oriole Icterus bullockii
75%
California Gull Larus californicus
75%
California Scrub-Jay Aphelocoma californica
75%
Carolina Chickadee Poecile carolinensis
75%
Carolina Wren Thryothorus ludovicianus
75%
Caspian Tern Hydroprogne caspia
75%
Cedar Waxwing Bombycilla cedrorum
75%
Chestnut-sided Warbler Setophaga pensylvanica
75%
Chimney Swift Chaetura pelagica
75%
Chipping Sparrow Spizella passerina
75%
Chuck-will's-widow Antrostomus carolinensis
75%
Cinnamon Teal Spatula cyanoptera
75%
Cliff Swallow Petrochelidon pyrrhonota
75%
Common Gallinule Gallinula galeata
75%
Common Goldeneye Bucephala clangula
75%
Common Loon Gavia immer
75%
Common Merganser Mergus merganser
75%
Common Nighthawk Chordeiles minor
75%
Common Raven Corvus corax
75%
Common Yellowthroat Geothlypis trichas
75%
Cooper's Hawk Accipiter cooperii
75%
Double-crested Cormorant Nannopterum auritum
75%
Downy Woodpecker Dryobates pubescens
75%
Dunlin Calidris alpina
75%
Eared Grebe Podiceps nigricollis
75%
Eastern Bluebird Sialia sialis
75%
Eastern Kingbird Tyrannus tyrannus
75%
Eastern Phoebe Sayornis phoebe
75%
Eastern Towhee Pipilo erythrophthalmus
75%
Eastern Wood-Pewee Contopus virens
75%
European Starling Sturnus vulgaris
75%
Evening Grosbeak Coccothraustes vespertinus
75%
Field Sparrow Spizella pusilla
75%
Fish Crow Corvus ossifragus
75%
Forster's Tern Sterna forsteri
75%
Fulvous Whistling-Duck Dendrocygna bicolor
75%
Glaucous Gull Larus hyperboreus
75%
Golden-crowned Kinglet Regulus satrapa
75%
Golden Eagle Aquila chrysaetos
75%
Grace's Warbler Setophaga graciae
75%
Grasshopper Sparrow Ammodramus savannarum
75%
Gray Catbird Dumetella carolinensis
75%
Great Blue Heron Ardea herodias
75%
Great Crested Flycatcher Myiarchus crinitus
75%
Great Egret Ardea alba
75%
Greater Yellowlegs Tringa melanoleuca
75%
Great Horned Owl Bubo virginianus
75%
Green Heron Butorides virescens
75%
Hairy Woodpecker Dryobates villosus
75%
Harlequin Duck Histrionicus histrionicus
75%
Hermit Thrush Catharus guttatus
75%
Herring Gull Larus argentatus
75%
Hooded Merganser Lophodytes cucullatus
75%
Horned Grebe Podiceps auritus
75%
House Finch Haemorhous mexicanus
75%
House Sparrow Passer domesticus
75%
House Wren Troglodytes aedon
75%
Iceland Gull Larus glaucoides
75%
Indigo Bunting Passerina cyanea
75%
Killdeer Charadrius vociferus
75%
King Rail Rallus elegans
75%
Laughing Gull Leucophaeus atricilla
75%
Least Bittern Ixobrychus exilis
75%
Least Flycatcher Empidonax minimus
75%
Least Sandpiper Calidris minutilla
75%
Lesser Yellowlegs Tringa flavipes
75%
Lincoln's Sparrow Melospiza lincolnii
75%
Little Blue Heron Egretta caerulea
75%
Loggerhead Shrike Lanius ludovicianus
75%
Long-billed Dowitcher Limnodromus scolopaceus
75%
Long-tailed Duck Clangula hyemalis
75%
Louisiana Waterthrush Parkesia motacilla
75%
Magnificent Frigatebird Fregata magnificens
75%
Marsh Wren Cistothorus palustris
75%
Mississippi Kite Ictinia mississippiensis
75%
Mottled Duck Anas fulvigula
75%
Mountain Bluebird Sialia currucoides
75%
Mourning Dove Zenaida macroura
75%
Nashville Warbler Leiothlypis ruficapilla
75%
Northern Bobwhite Colinus virginianus
75%
Northern Flicker Colaptes auratus
75%
Northern Harrier Circus hudsonius
75%
Northern Mockingbird Mimus polyglottos
75%
Northern Rough-winged Swallow Stelgidopteryx serripennis
75%
Northern Shrike Lanius borealis
75%
Northern Waterthrush Parkesia noveboracensis
75%
Olive-sided Flycatcher Contopus cooperi
75%
Orange-crowned Warbler Leiothlypis celata
75%
Orchard Oriole Icterus spurius
75%
Osprey Pandion haliaetus
75%
Pacific Loon Gavia pacifica
75%
Palm Warbler Setophaga palmarum
75%
Parasitic Jaeger Stercorarius parasiticus
75%
Peregrine Falcon Falco peregrinus
75%
Philadelphia Vireo Vireo philadelphicus
75%
Pied-billed Grebe Podilymbus podiceps
75%
Pileated Woodpecker Dryocopus pileatus
75%
Pine Grosbeak Pinicola enucleator
75%
Pine Siskin Spinus pinus
75%
Prothonotary Warbler Protonotaria citrea
75%
Purple Finch Haemorhous purpureus
75%
Purple Gallinule Porphyrio martinica (martinicus)
75%
Purple Martin Progne subis
75%
Red-bellied Woodpecker Melanerpes carolinus
75%
Red-breasted Merganser Mergus serrator
75%
Red-eyed Vireo Vireo olivaceus
75%
Red-headed Woodpecker Melanerpes erythrocephalus
75%
Red-shouldered Hawk Buteo lineatus
75%
Red-throated Loon Gavia stellata
75%
Ring-billed Gull Larus delawarensis
75%
Rock Pigeon Columba livia
75%
Rough-legged Hawk Buteo lagopus
75%
Royal Tern Thalasseus maximus
75%
Ruby-crowned Kinglet Corthylio calendula
75%
Ruby-throated Hummingbird Archilochus colubris
75%
Rufous Hummingbird Selasphorus rufus
75%
Sandhill Crane Antigone canadensis
75%
Scarlet Tanager Piranga olivacea
75%
Semipalmated Plover Charadrius semipalmatus
75%
Semipalmated Sandpiper Calidris pusilla
75%
Sharp-shinned Hawk Accipiter striatus
75%
Short-billed Dowitcher Limnodromus griseus
75%
Short-eared Owl Asio flammeus
75%
Snow Bunting Plectrophenax nivalis
75%
Snowy Egret Egretta thula
75%
Solitary Sandpiper Tringa solitaria
75%
Sora Porzana carolina
75%
Spotted Sandpiper Actitis macularius
75%
Spotted Towhee Pipilo maculatus
75%
Summer Tanager Piranga rubra
75%
Swainson's Thrush Catharus ustulatus
75%
Swamp Sparrow Melospiza georgiana
75%
Tennessee Warbler Leiothlypis peregrina
75%
Tree Swallow Tachycineta bicolor
75%
Trumpeter Swan Cygnus buccinator
75%
Tufted Titmouse Baeolophus bicolor
75%
Turkey Vulture Cathartes aura
75%
Veery Catharus fuscescens
75%
Virginia Rail Rallus limicola
75%
Warbling Vireo Vireo gilvus
75%
Western Cattle (Cattle) Egret Bubulcus ibis
75%
Western Gull Larus occidentalis
75%
White-breasted Nuthatch Sitta carolinensis
75%
White-winged Scoter Melanitta deglandi
75%
Wild Turkey Meleagris gallopavo
75%
Wilson's Snipe Gallinago delicata
75%
Yellow-bellied Sapsucker Sphyrapicus varius
75%
Yellow-billed Cuckoo Coccyzus americanus
75%
Yellow-crowned Night Heron (Night-Heron) Nyctanassa violacea
75%
Yellow-headed Blackbird Xanthocephalus xanthocephalus
75%
Yellow Warbler Setophaga petechia
75%
Acorn Woodpecker Melanerpes formicivorus
50%
Alder Flycatcher Empidonax alnorum
50%
Allen's Hummingbird Selasphorus sasin
50%
American Golden-Plover Pluvialis dominica
50%
American Pipit Anthus rubescens
50%
American Tree Sparrow Spizelloides arborea
50%
American White Pelican Pelecanus erythrorhynchos
50%
Anna's Hummingbird Calypte anna
50%
Barrow's Goldeneye Bucephala islandica
50%
Belted Kingfisher Megaceryle alcyon
50%
Blackburnian Warbler Setophaga fusca
50%
Black Phoebe Sayornis nigricans
50%
Blue-gray Gnatcatcher Polioptila caerulea
50%
Blue-winged Warbler Vermivora cyanoptera
50%
Boat-tailed Grackle Quiscalus major
50%
Boreal Chickadee Poecile hudsonicus
50%
Brewer's Blackbird Euphagus cyanocephalus
50%
Brown-headed Nuthatch Sitta pusilla
50%
Burrowing Owl Athene cunicularia
50%
Bushtit Psaltriparus minimus
50%
Cactus Wren Campylorhynchus brunneicapillus
50%
California Quail Callipepla californica
50%
Canada Jay Perisoreus canadensis
50%
Canada Warbler Cardellina canadensis
50%
Cave Swallow Petrochelidon fulva
50%
Clark's Grebe Aechmophorus clarkii
50%
Common Eider Somateria mollissima
50%
Common Ground Dove Columbina passerina
50%
Common Tern Sterna hirundo
50%
Dickcissel Spiza americana
50%
Eastern Meadowlark Sturnella magna
50%
Eastern Screech-Owl Megascops asio
50%
Eastern Whip-poor-will Antrostomus vociferus
50%
Eurasian Collared-Dove Streptopelia decaocto
50%
Franklin's Gull Leucophaeus pipixcan
50%
Gambel's Quail Callipepla gambelii
50%
Glossy Ibis Plegadis falcinellus
50%
Great Black-backed Gull Larus marinus
50%
Greater Sage-Grouse Centrocercus urophasianus
50%
Greater White-fronted Goose Anser albifrons
50%
Great-tailed Grackle Quiscalus mexicanus
50%
Horned Lark Eremophila alpestris
50%
Hudsonian Godwit Limosa haemastica
50%
Kentucky Warbler Geothlypis formosa
50%
Lapland Longspur Calcarius lapponicus
50%
Least Tern Sternula antillarum
50%
Lewis's Woodpecker Melanerpes lewis
50%
Lucy's Warbler Leiothlypis luciae
50%
Marbled Godwit Limosa fedoa
50%
Merlin Falco columbarius
50%
Mountain Chickadee Poecile gambeli
50%
Mourning Warbler Geothlypis philadelphia
50%
Nelson's Sparrow Ammospiza nelsoni
50%
Northern Parula Setophaga americana
50%
Northern Pintail Anas acuta
50%
Nuttall's Woodpecker Dryobates nuttallii
50%
Ovenbird Seiurus aurocapilla
50%
Pacific Wren Troglodytes pacificus
50%
Painted Bunting Passerina ciris
50%
Purple Sandpiper Calidris maritima
50%
Pygmy Nuthatch Sitta pygmaea
50%
Pyrrhuloxia Cardinalis sinuatus
50%
Razorbill Alca torda
50%
Red-breasted Nuthatch Sitta canadensis
50%
Red Crossbill Loxia curvirostra
50%
Reddish Egret Egretta rufescens
50%
Red-necked Phalarope Phalaropus lobatus
50%
Red Phalarope Phalaropus fulicarius
50%
Ring-necked Pheasant Phasianus colchicus
50%
Roseate Spoonbill Platalea ajaja
50%
Ruddy Duck Oxyura jamaicensis
50%
Ruddy Turnstone Arenaria interpres
50%
Ruffed Grouse Bonasa umbellus
50%
Rusty Blackbird Euphagus carolinus
50%
Saltmarsh Sparrow Ammospiza caudacuta
50%
Sandwich Tern Thalasseus sandvicensis
50%
Savannah Sparrow Passerculus sandwichensis
50%
Say's Phoebe Sayornis saya
50%
Scaled Quail Callipepla squamata
50%
Scissor-tailed Flycatcher Tyrannus forficatus
50%
Sedge Wren Cistothorus stellaris
50%
Steller's Jay Cyanocitta stelleri
50%
Stilt Sandpiper Calidris himantopus
50%
Swainson's Hawk Buteo swainsoni
50%
Swallow-tailed Kite Elanoides forficatus
50%
Tricolored Heron Egretta tricolor
50%
Upland Sandpiper Bartramia longicauda
50%
Vermilion Flycatcher Pyrocephalus rubinus
50%
Virginia's Warbler Leiothlypis virginiae
50%
Western Flycatcher Empidonax difficilis
50%
Western Grebe Aechmophorus occidentalis
50%
Western Kingbird Tyrannus verticalis
50%
Western Meadowlark Sturnella neglecta
50%
Western Sandpiper Calidris mauri
50%
Western Tanager Piranga ludoviciana
50%
Western Wood-Pewee Contopus sordidulus
50%
Whimbrel Numenius phaeopus
50%
White-eyed Vireo Vireo griseus
50%
White-faced Ibis Plegadis chihi
50%
White Ibis Eudocimus albus
50%
White-rumped Sandpiper Calidris fuscicollis
50%
White-winged Dove Zenaida asiatica
50%
Willet Tringa semipalmata
50%
Willow Flycatcher Empidonax traillii
50%
Wilson's Phalarope Phalaropus tricolor
50%
Winter Wren Troglodytes hiemalis
50%
Wood Stork Mycteria americana
50%
Wood Thrush Hylocichla mustelina
50%
Worm-eating Warbler Helmitheros vermivorum
50%
Yellow-bellied Flycatcher Empidonax flaviventris
50%
Yellow-rumped Warbler Setophaga coronata
50%
Yellow-throated Warbler Setophaga dominica
50%
Abert's Towhee Melozone aberti
25%
American Goshawk Accipiter atricapillus
25%
American Oystercatcher Haematopus palliatus
25%
Arctic Tern Sterna paradisaea
25%
Atlantic Puffin Fratercula arctica
25%
Bachman's Sparrow Peucaea aestivalis
25%
Baird's Sandpiper Calidris bairdii
25%
Band-tailed Pigeon Patagioenas fasciata
25%
Bell's Sparrow Artemisiospiza belli
25%
Bell's Vireo Vireo bellii
25%
Bewick's Wren Thryomanes bewickii
25%
Black-billed Magpie Pica hudsonia
25%
Black-chinned Hummingbird Archilochus alexandri
25%
Black Guillemot Cepphus grylle
25%
Black Turnstone Arenaria melanocephala
25%
Brewer's Sparrow Spizella breweri
25%
Broad-tailed Hummingbird Selasphorus platycercus
25%
Bronzed Cowbird Molothrus aeneus
25%
California Towhee Melozone crissalis
25%
Calliope Hummingbird Selasphorus calliope
25%
Canyon Towhee Melozone fusca
25%
Canyon Wren Catherpes mexicanus
25%
Cassin's Finch Haemorhous cassinii
25%
Cassin's Kingbird Tyrannus vociferans
25%
Cassin's Sparrow Peucaea cassinii
25%
Cassin's Vireo Vireo cassinii
25%
Chestnut-backed Chickadee Poecile rufescens
25%
Chestnut-collared Longspur Calcarius ornatus
25%
Chihuahuan Raven Corvus cryptoleucus
25%
Clapper Rail Rallus crepitans
25%
Clark's Nutcracker Nucifraga columbiana
25%
Clay-colored Sparrow Spizella pallida
25%
Common Murre Uria aalge
25%
Common Poorwill Phalaenoptilus nuttallii
25%
Common Redpoll Acanthis flammea
25%
Costa's Hummingbird Calypte costae
25%
Curve-billed Thrasher Toxostoma curvirostre
25%
Dusky Flycatcher Empidonax oberholseri
25%
Elegant Tern Thalasseus elegans
25%
Ferruginous Hawk Buteo regalis
25%
Fox Sparrow Passerella iliaca
25%
Glaucous-winged Gull Larus glaucescens
25%
Golden-crowned Sparrow Zonotrichia atricapilla
25%
Golden-fronted Woodpecker Melanerpes aurifrons
25%
Gray-cheeked Thrush Catharus minimus
25%
Gray Flycatcher Empidonax wrightii
25%
Great Cormorant Phalacrocorax carbo
25%
Greater Roadrunner Geococcyx californianus
25%
Great Shearwater Ardenna gravis
25%
Green-tailed Towhee Pipilo chlorurus
25%
Gull-billed Tern Gelochelidon nilotica
25%
Hammond's Flycatcher Empidonax hammondii
25%
Harris's Hawk Parabuteo unicinctus
25%
Harris's Sparrow Zonotrichia querula
25%
Heermann's Gull Larus heermanni
25%
Hermit Warbler Setophaga occidentalis
25%
Hooded Oriole Icterus cucullatus
25%
Horned Puffin Fratercula corniculata
25%
Hutton's Vireo Vireo huttoni
25%
Inca Dove Columbina inca
25%
Juniper Titmouse Baeolophus ridgwayi
25%
Ladder-backed Woodpecker Dryobates scalaris
25%
Lark Bunting Calamospiza melanocorys
25%
Lark Sparrow Chondestes grammacus
25%
Lazuli Bunting Passerina amoena
25%
LeConte's Sparrow Ammospiza leconteii
25%
Lesser Goldfinch Spinus psaltria
25%
Lesser Nighthawk Chordeiles acutipennis
25%
Long-billed Curlew Numenius americanus
25%
Long-tailed Jaeger Stercorarius longicaudus
25%
Mountain Quail Oreortyx pictus
25%
Neotropic Cormorant Nannopterum brasilianum
25%
Northern Fulmar Fulmarus glacialis
25%
Northern Gannet Morus bassanus
25%
Oak Titmouse Baeolophus inornatus
25%
Pectoral Sandpiper Calidris melanotos
25%
Phainopepla Phainopepla nitens
25%
Pinyon Jay Gymnorhinus cyanocephalus
25%
Plumbeous Vireo Vireo plumbeus
25%
Pomarine Jaeger Stercorarius pomarinus
25%
Prairie Falcon Falco mexicanus
25%
Red-breasted Sapsucker Sphyrapicus ruber
25%
Red Knot Calidris canutus
25%
Red-naped Sapsucker Sphyrapicus nuchalis
25%
Red-necked Grebe Podiceps grisegena
25%
Rock Wren Salpinctes obsoletus
25%
Sabine's Gull Xema sabini
25%
Sagebrush Sparrow Artemisiospiza nevadensis
25%
Sage Thrasher Oreoscoptes montanus
25%
Sanderling Calidris alba
25%
Scott's Oriole Icterus parisorum
25%
Seaside Sparrow Ammospiza maritima
25%
Short-billed Gull Larus brachyrhynchus
25%
Snowy Plover Anarhynchus (Charadrius) nivosus
25%
Sooty Shearwater Ardenna grisea
25%
Townsend's Solitaire Myadestes townsendi
25%
Tufted Puffin Fratercula cirrhata
25%
Varied Thrush Ixoreus naevius
25%
Vaux's Swift Chaetura vauxi
25%
Vesper Sparrow Pooecetes gramineus
25%
Violet-green Swallow Tachycineta thalassina
25%
Wandering Tattler Tringa incana
25%
Western Bluebird Sialia mexicana
25%
Western Screech-Owl Megascops kennicottii
25%
White-headed Woodpecker Dryobates albolarvatus
25%
White-tailed Kite Elanus leucurus
25%
White-throated Swift Aeronautes saxatalis
25%
Williamson's Sapsucker Sphyrapicus thyroideus
25%
Wilson's Plover Anarhynchus (Charadrius) wilsonia
25%
Wilson's Storm-Petrel Oceanites oceanicus
25%
Wilson's Warbler Cardellina pusilla
25%
Woodhouse's Scrub-Jay Aphelocoma woodhouseii
25%
Wrentit Chamaea fasciata
25%
Yellow-throated Vireo Vireo flavifrons
25%
American Dipper Cinclus mexicanus
0%
Audubon's Shearwater Puffinus lherminieri
0%
Black-chinned Sparrow Spizella atrogularis
0%
Black-footed Albatross Phoebastria nigripes
0%
Black-legged Kittiwake Rissa tridactyla
0%
Black Oystercatcher Haematopus bachmani
0%
Black Skimmer Rynchops niger
0%
Black Storm-Petrel Hydrobates melania
0%
Black-tailed Gnatcatcher Polioptila melanura
0%
Black-throated Sparrow Amphispiza bilineata
0%
Black-vented Shearwater Puffinus opisthomelas
0%
Brandt's Cormorant Urile penicillatus
0%
Brown-crested Flycatcher Myiarchus tyrannulus
0%
Buff-breasted Sandpiper Calidris subruficollis
0%
Cassin's Auklet Ptychoramphus aleuticus
0%
Chihuahuan Meadowlark Sturnella lilianae
0%
Cory's Shearwater Calonectris diomedea
0%
Gila Woodpecker Melanerpes uropygialis
0%
Gray-crowned Rosy-Finch Leucosticte tephrocotis
0%
Leach's Storm-Petrel Hydrobates leucorhous
0%
MacGillivray's Warbler Geothlypis tolmiei
0%
Marbled Murrelet Brachyramphus marmoratus
0%
Pelagic Cormorant Urile pelagicus
0%
Pigeon Guillemot Cepphus columba
0%
Pink-footed Shearwater Ardenna creatopus
0%
Prairie Warbler Setophaga discolor
0%
Rhinoceros Auklet Cerorhinca monocerata
0%
Rufous-crowned Sparrow Aimophila ruficeps
0%
Surfbird Calidris virgata
0%
Thick-billed Murre Uria lomvia
0%
Verdin Auriparus flaviceps
0%
No matching quizzes found
Score Distribution
Percent of People with Each Score
Percentile by Number Answered
Your Score History
You have not taken this quiz